01665nam a22003257a 450000100060000000300090000600500170001500800480003202000180008004000210009809200170011911000800013624502500021625000650046626000490053130000290058049000280060950503200063770000240095770000330098170000360101470000350105071000560108583000280114191000100116994200120117995201090119195600240130099900150132400260DO-SdBNP20151217115341.0151217b 2011 sp xxu||||| |||| 00| 0 spa d a9789586642354 aBPMSUbspcBPMSU axxxxxbxxxxx1 baBanco de la República. bMuseo de Arte Banco de la Republica (Bogotá) 10aLeón Ferrari /cMuseo de Arte Banco de la República, 30 de marzo al 4 de julio de 2011 ; Fundación Augusto y León Ferrari Arte y Acervo ; coordinación curatorial María Wills Londoño ; fotografía Adrián Rocha Novoa ... [et al.]. aEdición Julieta Zamorano Ferrari, Paloma Zamorano Ferrari. aBogotá : bBanco de la República,c2011. a165 p. : bil.,c27 cm. 1 aBanco de la República0 aAcerca de la Fundación Augusto y León Ferrari Arte y Acervo -- El poder de las imágenes: León Ferrari y los públicos de arte / Andrea Giunta -- Arte y poder / León Ferrari -- Diarios -- Prismas y rectángulos -- Brasil -- La palabra -- Eva -- Música -- Cabeza de Leon / Miguel Rep -- Augusto Ferrari.12aWills, María Emma12aRocha Novoa, Adrián,efot.12aZamorano Ferrari, Julieta,eed.12aZamorano Ferrari, Paloma,eed. aFundación Augusto y León Ferrari Arte y Acervo. 0aBanco de la República a00260 2ddccBK 00102ddc40708EXTaBPMETbBPMETd2015-12-17eDonaciónl0pBPMSU15120172r2015-12-17w2015-12-17yBK aLorenza Pérezb10 c9137d9137